01293naa a22003257a 4500001001000000003000900010005001700019007000300036008003400039040005400073041000900127072003100136090001800167100001700185100001800202100001400220111007300234245013300307260004000440500010400480650001400584650001900598650002000617650001100637773010100648909003600749942001400785999001900799952014900818BR8204371BR-BrBNA20240918175137.0ta230509b bl.||||| |||| 00| 0 por d aBR-BrBNAbporcBiblioteca Nacional de Agricultura a(Pt) aF21; F22b1410b3920bG514 aF21 BR82043711 aLovato, P.B.1 aPereira, J.C.1 aVidor, C.1 a16. Reuniao Tecnica do FeijaocPorto Alegre, RS (Brazil)d8 Sep 19821 aSobrevivencia de Rhizobium phaseoli em solos com diferentes caracteristicas fisico-quimicas [feijao, Phaseolus vulgaris, Brasil]3 aPorto Alegre, RS (Brasil): c1982.  aAta da 16. Reuniao Tecnica do Feijao Porto Alegre, RS (Brasil): 1982. p. 142-144 (BR8204371-AM)F21  aRHIZOBIUM aFISICA DO SOLO aQUIMICA DO SOLO aFEIJAO0 tAta da 16. Reuniao Tecnica do FeijaowF21 BR8204371gPorto Alegre, RS (Brasil), 1982. p. 142-144 a202404bLuciac55dLucia Elande cAM2AGRIS c315240d315240 002AGRIS40708Acervo Gerala41918b41918cAgrobasel0o1410 BR8204346r2024-05-20t01yAM10d2024-04-11ePortaria Interministerial nÂș 164/94